00661nam a2200193Ia 4500008004100000020001800041082001400059100001900073245007000092250000700162260007000169300002300239500001900262600001500281650001500296942000700311952013200318999001700450240925s9999 xx 000 0 und d a9781259026836 a658.4 WEI aWihrich, Heinz 0aManagement: A global, Innovative, and Entreprenevrial Perspective aNA aNew Delhi:bMcGraw Hill Education (India) Private Limitedc,2014. a662p.b0fOriginal aIncludes Index aManagement aManagement cBK 001040708MANaUITUbUITUd2015-03-03eAcademy Book Agencyg920.32l0o658.4 WEIpQ10193r2024-09-25 07:15:37w2024-09-25yBK c12692d12692